International rubber health clinic: A global web based pest and disease diagnostic information system for natural rubber (Record no. 61561)

MARC details
000 -LEADER
fixed length control field 00612nam a2200121Ia 4500
100 ## - MAIN ENTRY--AUTHOR NAME
Personal name Mathew J
245 #0 - TITLE STATEMENT
Title International rubber health clinic: A global web based pest and disease diagnostic information system for natural rubber
260 ## - PUBLICATION, DISTRIBUTION, ETC. (IMPRINT)
Name of publisher International Workshop on Latex Harvesting Technology: Sustainable Rubber Production through Good Application Practices of Latex Harvesting Technology, 18-22 November 2013, IRRDB-IRV, Binh Duong, Vietnam.
650 ## - SUBJECT ADDED ENTRY--TOPICAL TERM
Topical Term Rubber health clinic
650 ## - SUBJECT ADDED ENTRY--TOPICAL TERM
Topical Term Web based distance diagnostic information system
942 ## - ADDED ENTRY ELEMENTS (KOHA)
Koha item type Journals
Holdings
Withdrawn status Lost status Damaged status Not for loan Home library Current library Shelving location Date acquired Koha item type
      Journals RRII Library RRII Library Pathology 11/07/2014 Journals